Państwa wspominane w New York Times - Statystyki

Ogólne statystyki
  • Ten quiz został rozwiązany 393 razy
  • Średni wynik to 13 z 19
Statystyki odpowiedzi
# Razy Państwo % Poprawnych
10 Polska
99%
367 Rosja | Związek Radziecki
96%
123 Niemcy
93%
114 Chiny
91%
82 Francja
91%
304 Wielka Brytania
91%
10 Hiszpania
87%
19 Meksyk
85%
62 Japonia
84%
15 Włochy
81%
25 Iran
64%
77 Irak
62%
8 Egipt
57%
55 Izrael
54%
13 Kuba
46%
11 Syria
46%
69 Wietnam
40%
14 Liban
19%
7 Kambodża
13%
Nie znaleziono quizów pasujących do podanych kryteriów
Rozkład punktacji
Procent ludzi z każdym wynikiem
Percentyl według liczby udzielonych odpowiedzi
Twoja historia wyników
Nie rozwiązałeś tego quizu